[Event "181st Stay Safe Play From Home series"]
[Site "T#646401Emanuel Laske"]
[Date "2020.05.28"]
[Round "1"]
[White "Lamborghini"]
[Black "Castlingarrocco"]
[Result "1-0"]
[WhiteElo "2188"]
[BlackElo "1958"]
[PlyCount "41"]
[EventDate "2020.05.28"]
[EventType "swiss (blitz)"]

1. e4 {[%emt 0:00:04]} e6 {[%emt 0:00:00]} 2. d4 {[%emt 0:00:01]} b6 {[%emt 0:00:00]} 3. Nc3 {[%emt 0:00:01]} Bb7 {[%emt 0:00:00]} 4. a3 {[%emt 0:00:01]} Nf6 {[%emt 0:00:00]} 5. Bd3 {[%emt 0:00:01]} Be7 {[%emt 0:00:01]} 6. Nf3 {[%emt 0:00:01]} d5 {[%emt 0:00:01]} 7. e5 {[%emt 0:00:01]} Nfd7 {[%emt 0:00:01]} 8. Ne2 {[%emt 0:00:01]} c5 {[%emt 0:00:00]} 9. c3 {[%emt 0:00:01]} cxd4 {[%emt 0:00:01]} 10. cxd4 {[%emt 0:00:01]} Nc6 {[%emt 0:00:00]} 11. O-O {[%emt 0:00:01]} a6 {[%emt 0:00:01]} 12. b4 {[%emt 0:00:01]} b5 {[%emt 0:00:01]} 13. Bb2 {[%emt 0:00:00]} Nb6 {[%emt 0:00:01]} 14. Nf4 {[%emt 0:00:01]} Nc4 {[%emt 0:00:00]} 15. Bc3 {[%emt 0:00:01]} O-O {[%emt 0:00:01]} 16. Qe2 {[%emt 0:00:01]} Qd7 {[%emt 0:00:01]} 17. Rfc1 {[%emt 0:00:01]} Bd8 {[%emt 0:00:03]} 18. h4 {[%emt 0:00:01]} Bb6 {[%emt 0:00:01]} 19. Bxh7+ {[%emt 0:00:02]} Kxh7 {[%emt 0:00:01]} 20. Ng5+ {[%emt 0:00:00]} Kh6 {[%emt 0:00:04]} 21. Qh5# {[%emt 0:00:01] (Lag: Av=0.30s, max=0.7s)} 1-0

[Event "181st Stay Safe Play From Home series"]
[Site "T#646401Emanuel Laske"]
[Date "2020.05.28"]
[Round "1"]
[White "SoulofWolf"]
[Black "Broken sword"]
[Result "0-1"]
[WhiteElo "2151"]
[BlackElo "2479"]
[PlyCount "108"]
[EventDate "2020.05.28"]
[EventType "swiss (blitz)"]

1. e4 {[%emt 0:00:01]} c5 {[%emt 0:00:01]} 2. Nc3 {[%emt 0:00:00]} e6 {[%emt 0:00:00]} 3. f3 {[%emt 0:00:01]} a6 {[%emt 0:00:00]} 4. a4 {[%emt 0:00:02]} d5 {[%emt 0:00:00]} 5. exd5 {[%emt 0:00:01]} exd5 {[%emt 0:00:00]} 6. Nge2 {[%emt 0:00:01]} Nf6 {[%emt 0:00:00]} 7. g3 {[%emt 0:00:01]} Be7 {[%emt 0:00:00]} 8. Bg2 {[%emt 0:00:00]} Nc6 {[%emt 0:00:00]} 9. O-O {[%emt 0:00:01]} O-O {[%emt 0:00:00]} 10. Kh1 {[%emt 0:00:00]} Be6 {[%emt 0:00:00]} 11. d3 {[%emt 0:00:02]} d4 {[%emt 0:00:00]} 12. Ne4 {[%emt 0:00:02]} Nd5 {[%emt 0:00:00]} 13. Bd2 {[%emt 0:00:01]} Re8 {[%emt 0:00:01]} 14. c4 {[%emt 0:00:01]} dxc3 {[%emt 0:00:01]} 15. bxc3 {[%emt 0:00:00]} Nf6 {[%emt 0:00:01]} 16. Rb1 {[%emt 0:00:01]} Qxd3 {[%emt 0:00:01]} 17. Rxb7 {[%emt 0:00:02]} Nxe4 {[%emt 0:00:00]} 18. fxe4 {[%emt 0:00:01]} Rad8 {[%emt 0:00:00]} 19. Rb2 {[%emt 0:00:04]} Bf6 {[%emt 0:00:02]} 20. Qe1 {[%emt 0:00:01]} Ne5 {[%emt 0:00:01]} 21. Nc1 {[%emt 0:00:01]} Qd7 {[%emt 0:00:01]} 22. Bf4 {[%emt 0:00:01]} Nd3 {[%emt 0:00:01]} 23. Nxd3 {[%emt 0:00:01]} Qxd3 {[%emt 0:00:00]} 24. Rd2 {[%emt 0:00:00]} Qxc3 {[%emt 0:00:01]} 25. Rxd8 {[%emt 0:00:01]} Rxd8 {[%emt 0:00:00]} 26. e5 {[%emt 0:00:02]} Qxe1 {[%emt 0:00:01]} 27. Rxe1 {[%emt 0:00:00]} Be7 {[%emt 0:00:00]} 28. Bc6 {[%emt 0:00:01]} h6 {[%emt 0:00:01]} 29. Kg2 {[%emt 0:00:03]} Rd4 {[%emt 0:00:14]} 30. Rb1 {[%emt 0:00:07]} Bd5+ {[%emt 0:00:01]} 31. Bxd5 {[%emt 0:00:01]} Rxd5 {[%emt 0:00:00]} 32. Rb8+ {[%emt 0:00:01]} Kh7 {[%emt 0:00:00]} 33. Rb7 {[%emt 0:00:01]} Bg5 {[%emt 0:00:00]} 34. h4 {[%emt 0:00:01]} Bxf4 {[%emt 0:00:00]} 35. gxf4 {[%emt 0:00:00]} Kg6 {[%emt 0:00:00]} 36. Kf3 {[%emt 0:00:01]} Rd4 {[%emt 0:00:00]} 37. Rb6+ {[%emt 0:00:02]} f6 {[%emt 0:00:00]} 38. Rxa6 {[%emt 0:00:00]} Kf5 {[%emt 0:00:01]} 39. exf6 {[%emt 0:00:02]} gxf6 {[%emt 0:00:00]} 40. Ra5 {[%emt 0:00:01]} Rxf4+ {[%emt 0:00:01]} 41. Ke3 {[%emt 0:00:03]} Rxh4 {[%emt 0:00:00]} 42. Rb5 {[%emt 0:00:01]} Kg6 {[%emt 0:00:00]} 43. a5 {[%emt 0:00:01]} Ra4 {[%emt 0:00:01]} 44. Rxc5 {[%emt 0:00:01]} h5 {[%emt 0:00:01]} 45. Kd3 {[%emt 0:00:00]} h4 {[%emt 0:00:01]} 46. Kc3 {[%emt 0:00:00]} h3 {[%emt 0:00:00]} 47. Kb3 {[%emt 0:00:00]} h2 {[%emt 0:00:01]} 48. Rc1 {[%emt 0:00:01]} Rxa5 {[%emt 0:00:00]} 49. Rh1 {[%emt 0:00:01]} Rh5 {[%emt 0:00:00]} 50. Kc2 {[%emt 0:00:01]} Kg5 {[%emt 0:00:00]} 51. Kd2 {[%emt 0:00:00]} Kg4 {[%emt 0:00:00]} 52. Ke2 {[%emt 0:00:00]} Kg3 {[%emt 0:00:00]} 53. Ke3 {[%emt 0:00:02]} Re5+ {[%emt 0:00:01]} 54. Kd4 {[%emt 0:00:01]} Kg2 {[%emt 0:00:00] Czas partii (Lag: Av=0.54s, max=1.6s)} 0-1

[Event "181st Stay Safe Play From Home series"]
[Site "T#646401Emanuel Laske"]
[Date "2020.05.28"]
[Round "1"]
[White "Lazieri3"]
[Black "Emresenar"]
[Result "1-0"]
[WhiteElo "2061"]
[BlackElo "1734"]
[Annotator "NA"]
[PlyCount "129"]
[EventDate "2020.05.28"]
[EventType "swiss (blitz)"]

1. e4 {[%emt 0:00:03]} b6 {[%emt 0:00:00]} 2. Nc3 {[%emt 0:00:01]} Bb7 {[%emt 0:00:00]} 3. d3 {[%emt 0:00:01]} g6 {[%emt 0:00:00]} 4. Nf3 {[%emt 0:00:01]} Bg7 {[%emt 0:00:00]} 5. Be3 {[%emt 0:00:01]} d5 {[%emt 0:00:01]} 6. exd5 {[%emt 0:00:01]} Bxd5 {[%emt 0:00:00]} 7. Nxd5 {[%emt 0:00:01]} Qxd5 {[%emt 0:00:00]} 8. Be2 {[%emt 0:00:00]} Bxb2 {[%emt 0:00:01]} 9. Rb1 {[%emt 0:00:02]} Bc3+ {[%emt 0:00:00]} 10. Bd2 {[%emt 0:00:05]} Bxd2+ {[%emt 0:00:01]} 11. Qxd2 {[%emt 0:00:00]} Nf6 {[%emt 0:00:03]} 12. c4 {[%emt 0:00:01]} Qa5 {[%emt 0:00:02]} 13. Qxa5 {[%emt 0:00:02]} bxa5 {[%emt 0:00:00]} 14. Nd4 {[%emt 0:00:01]} O-O {[%emt 0:00:02]} 15. Bf3 {[%emt 0:00:01]} c6 {[%emt 0:00:02]} 16. Nxc6 {[%emt 0:00:03]} Nxc6 {[%emt 0:00:00]} 17. Bxc6 {[%emt 0:00:00]} Rac8 {[%emt 0:00:03]} 18. Be4 {[%emt 0:00:01]} Nxe4 {[%emt 0:00:02]} 19. dxe4 {[%emt 0:00:00]} Rxc4 {[%emt 0:00:00]} 20. O-O {[%emt 0:00:02]} Rxe4 {[%emt 0:00:02]} 21. Rb7 {[%emt 0:00:01]} Ra8 {[%emt 0:00:05]} 22. f3 {[%emt 0:00:03]} Re2 {[%emt 0:00:01]} 23. Rd1 {[%emt 0:00:03]} Rxa2 {[%emt 0:00:02]} 24. Rdd7 {[%emt 0:00:00]} Re2 {[%emt 0:00:01]} 25. Rxe7 {[%emt 0:00:02]} Rxe7 {[%emt 0:00:01]} 26. Rxe7 {[%emt 0:00:00]} Kf8 {[%emt 0:00:04]} 27. Re5 {[%emt 0:00:01]} a4 {[%emt 0:00:05]} 28. Ra5 {[%emt 0:00:01]} Ke7 {[%emt 0:00:01]} 29. Rxa4 {[%emt 0:00:00]} a5 {[%emt 0:00:01]} 30. Kf2 {[%emt 0:00:01]} Kd6 {[%emt 0:00:00]} 31. Ke3 {[%emt 0:00:00]} Kc5 {[%emt 0:00:00]} 32. Kd3 {[%emt 0:00:01]} Kb5 {[%emt 0:00:01]} 33. Ra2 {[%emt 0:00:01]} a4 {[%emt 0:00:01]} 34. Kc3 {[%emt 0:00:01]} Rc8+ {[%emt 0:00:01]} 35. Kd4 {[%emt 0:00:02]} Rd8+ {[%emt 0:00:01]} 36. Kc3 {[%emt 0:00:01]} f5 {[%emt 0:00:01]} 37. Rb2+ {[%emt 0:00:01]} Ka5 {[%emt 0:00:01]} 38. Rb7 {[%emt 0:00:01]} Rc8+ {[%emt 0:00:01]} 39. Kb2 {[%emt 0:00:01]} Ka6 {[%emt 0:00:01]} 40. Rxh7 {[%emt 0:00:01]} Rc4 {[%emt 0:00:01]} 41. Ka3 {[%emt 0:00:01]} Kb5 {[%emt 0:00:02]} 42. Rb7+ {[%emt 0:00:01]} Kc6 {[%emt 0:00:01]} 43. Rg7 {[%emt 0:00:00]} Kb5 {[%emt 0:00:01]} 44. Rxg6 {[%emt 0:00:01]} Rc3+ {[%emt 0:00:00]} 45. Kb2 {[%emt 0:00:00]} Kc4 {[%emt 0:00:01]} 46. Ka2 {[%emt 0:00:00]} Rc2+ {[%emt 0:00:01]} 47. Ka3 {[%emt 0:00:01]} Rc3+ {[%emt 0:00:01]} 48. Kxa4 {[%emt 0:00:01]} Rb3 {[%emt 0:00:00]} 49. Rc6+ {[%emt 0:00:00]} Kd3 {[%emt 0:00:01]} 50. Kxb3 {[%emt 0:00:00]} Ke2 {[%emt 0:00:00]} 51. Rf6 {[%emt 0:00:00]} Ke3 {[%emt 0:00:00]} 52. Rxf5 {[%emt 0:00:00]} Kf2 {[%emt 0:00:00]} 53. Rf8 {[%emt 0:00:00]} Kxg2 {[%emt 0:00:00]} 54. h4 {[%emt 0:00:01]} Kh2 {[%emt 0:00:00]} 55. h5 {[%emt 0:00:00]} Kg3 {[%emt 0:00:00]} 56. h6 {[%emt 0:00:00]} Kf2 {[%emt 0:00:00]} 57. h7 {[%emt 0:00:00]} Kf1 {[%emt 0:00:00]} 58. h8=Q {[%emt 0:00:00]} Kf2 {[%emt 0:00:00]} 59. Qg7 {[%emt 0:00:00]} Kf1 {[%emt 0:00:00]} 60. f4 {[%emt 0:00:00]} Kf2 {[%emt 0:00:00]} 61. Re8 {[%emt 0:00:00]} Kf1 {[%emt 0:00:00]} 62. f5 {[%emt 0:00:00]} Kf2 {[%emt 0:00:00]} 63. f6 {[%emt 0:00:00]} Kf3 {[%emt 0:00:00]} 64. f7 {[%emt 0:00:00]} Kf2 {[%emt 0:00:00]} 65. f8=Q# {[%emt 0:00:00] (Lag: Av=0.75s, max=1.9s)} 1-0

[Event "181st Stay Safe Play From Home series"]
[Site "T#646401Emanuel Laske"]
[Date "2020.05.28"]
[Round "1"]
[White "The Next Contender"]
[Black "Little champs"]
[Result "0-1"]
[WhiteElo "2000"]
[BlackElo "2209"]
[PlyCount "98"]
[EventDate "2020.05.28"]
[EventType "swiss (blitz)"]

1. d4 {[%emt 0:00:01]} c6 {[%emt 0:00:01]} 2. c4 {[%emt 0:00:00]} d5 {[%emt 0:00:01]} 3. Nf3 {[%emt 0:00:01]} dxc4 {[%emt 0:00:01]} 4. e3 {[%emt 0:00:00]} Nf6 {[%emt 0:00:00]} 5. Bxc4 {[%emt 0:00:01]} g6 {[%emt 0:00:01]} 6. O-O {[%emt 0:00:00]} Bg7 {[%emt 0:00:01]} 7. Nc3 {[%emt 0:00:00]} O-O {[%emt 0:00:00]} 8. b3 {[%emt 0:00:00]} Bg4 {[%emt 0:00:00]} 9. Bb2 {[%emt 0:00:00]} b5 {[%emt 0:00:01]} 10. Be2 {[%emt 0:00:01]} a5 {[%emt 0:00:01]} 11. h3 {[%emt 0:00:01]} Bf5 {[%emt 0:00:00]} 12. Nh4 {[%emt 0:00:01]} Be6 {[%emt 0:00:01]} 13. Rc1 {[%emt 0:00:02]} Nd5 {[%emt 0:00:01]} 14. Nxd5 {[%emt 0:00:01]} Bxd5 {[%emt 0:00:01]} 15. Bf3 {[%emt 0:00:01]} Na6 {[%emt 0:00:01]} 16. Bxd5 {[%emt 0:00:01]} Qxd5 {[%emt 0:00:01]} 17. Nf3 {[%emt 0:00:00]} Rac8 {[%emt 0:00:01]} 18. a3 {[%emt 0:00:01]} Rfd8 {[%emt 0:00:01]} 19. Qe2 {[%emt 0:00:01]} Qd7 {[%emt 0:00:04]} 20. Rc2 {[%emt 0:00:01]} e6 {[%emt 0:00:01]} 21. Rfc1 {[%emt 0:00:00]} Nc7 {[%emt 0:00:02]} 22. Nd2 {[%emt 0:00:02]} Nd5 {[%emt 0:00:01]} 23. Ne4 {[%emt 0:00:00]} f5 {[%emt 0:00:01]} 24. Nc5 {[%emt 0:00:00]} Qe7 {[%emt 0:00:00]} 25. b4 {[%emt 0:00:01]} axb4 {[%emt 0:00:01]} 26. axb4 {[%emt 0:00:00]} Nxb4 {[%emt 0:00:00]} 27. Rd2 {[%emt 0:00:01]} Nd5 {[%emt 0:00:01]} 28. Ba3 {[%emt 0:00:00]} Qf7 {[%emt 0:00:02]} 29. Bb4 {[%emt 0:00:01]} Nxb4 {[%emt 0:00:01]} 30. Rb2 {[%emt 0:00:02]} Nd5 {[%emt 0:00:01]} 31. Qd2 {[%emt 0:00:01]} e5 {[%emt 0:00:01]} 32. Na6 {[%emt 0:00:01]} exd4 {[%emt 0:00:01]} 33. exd4 {[%emt 0:00:01]} Ne7 {[%emt 0:00:02]} 34. Nb4 {[%emt 0:00:01]} Bxd4 {[%emt 0:00:01]} 35. Rbc2 {[%emt 0:00:01]} c5 {[%emt 0:00:01]} 36. Nd3 {[%emt 0:00:03]} Nd5 {[%emt 0:00:01]} 37. Qe2 {[%emt 0:00:02]} c4 {[%emt 0:00:01]} 38. Ne5 {[%emt 0:00:01]} Qe6 {[%emt 0:00:01]} 39. Nf3 {[%emt 0:00:08]} Qxe2 {[%emt 0:00:01]} 40. Rxe2 {[%emt 0:00:00]} Bg7 {[%emt 0:00:00]} 41. Rb1 {[%emt 0:00:02]} b4 {[%emt 0:00:00]} 42. Rc2 {[%emt 0:00:01]} b3 {[%emt 0:00:01]} 43. Rcc1 {[%emt 0:00:01]} b2 {[%emt 0:00:00]} 44. Rc2 {[%emt 0:00:01]} c3 {[%emt 0:00:00]} 45. Ne1 {[%emt 0:00:01]} Nb4 {[%emt 0:00:01]} 46. Re2 {[%emt 0:00:01]} c2 {[%emt 0:00:01]} 47. Nxc2 {[%emt 0:00:01]} Nxc2 {[%emt 0:00:01]} 48. Kh2 {[%emt 0:00:02]} Na3 {[%emt 0:00:01]} 49. Rd1 {[%emt 0:00:01]} Rxd1 {[%emt 0:00:01] The Next Contender resigns (Lag: Av=0.79s, max=2.8s)} 0-1

[Event "181st Stay Safe Play From Home series"]
[Site "T#646401Emanuel Laske"]
[Date "2020.05.28"]
[Round "1"]
[White "Majstor-resa"]
[Black "Praveen Prasad"]
[Result "0-1"]
[WhiteElo "1635"]
[BlackElo "2275"]
[PlyCount "72"]
[EventDate "2020.05.28"]
[EventType "swiss (blitz)"]

1. d4 {[%emt 0:00:02]} d5 {[%emt 0:00:21]} 2. Nf3 {[%emt 0:00:00]} c5 {[%emt 0:00:01]} 3. Nc3 {[%emt 0:00:00]} cxd4 {[%emt 0:00:00]} 4. Qxd4 {[%emt 0:00:01]} e6 {[%emt 0:00:00]} 5. Bg5 {[%emt 0:00:02]} Nf6 {[%emt 0:00:00]} 6. O-O-O {[%emt 0:00:02]} Be7 {[%emt 0:00:01]} 7. e3 {[%emt 0:00:01]} Nc6 {[%emt 0:00:01]} 8. Bb5 {[%emt 0:00:02]} Bd7 {[%emt 0:00:01]} 9. Qh4 {[%emt 0:00:01]} h6 {[%emt 0:00:01]} 10. h3 {[%emt 0:00:02]} Rc8 {[%emt 0:00:01]} 11. Kb1 {[%emt 0:00:02]} a6 {[%emt 0:00:00]} 12. Bd3 {[%emt 0:00:01]} b5 {[%emt 0:00:02]} 13. g4 {[%emt 0:00:02]} b4 {[%emt 0:00:01]} 14. Ne2 {[%emt 0:00:01]} a5 {[%emt 0:00:02]} 15. Ned4 {[%emt 0:00:01]} a4 {[%emt 0:00:02]} 16. Nxc6 {[%emt 0:00:01]} Bxc6 {[%emt 0:00:00]} 17. Nd4 {[%emt 0:00:01]} Bd7 {[%emt 0:00:01]} 18. f4 {[%emt 0:00:01]} b3 {[%emt 0:00:01]} 19. cxb3 {[%emt 0:00:01]} axb3 {[%emt 0:00:00]} 20. a3 {[%emt 0:00:01]} Ra8 {[%emt 0:00:03]} 21. f5 {[%emt 0:00:05]} e5 {[%emt 0:00:02]} 22. Nxb3 {[%emt 0:00:01]} Qb6 {[%emt 0:00:01]} 23. Bc2 {[%emt 0:00:05]} O-O {[%emt 0:00:01]} 24. Bxf6 {[%emt 0:00:03]} Bxf6 {[%emt 0:00:00]} 25. Qe1 {[%emt 0:00:01]} Rfb8 {[%emt 0:00:02]} 26. Rxd5 {[%emt 0:00:02]} Bc6 {[%emt 0:00:01]} 27. Rd6 {[%emt 0:00:01]} Qc7 {[%emt 0:00:02]} 28. Qd2 {[%emt 0:00:02]} Bxh1 {[%emt 0:00:02]} 29. e4 {[%emt 0:00:03]} Rd8 {[%emt 0:00:01]} 30. Rxd8+ {[%emt 0:00:03]} Rxd8 {[%emt 0:00:00]} 31. Qe1 {[%emt 0:00:01]} Bf3 {[%emt 0:00:01]} 32. Qe3 {[%emt 0:00:01]} Bd1 {[%emt 0:00:01]} 33. Bxd1 {[%emt 0:00:01]} Rxd1+ {[%emt 0:00:00]} 34. Ka2 {[%emt 0:00:01]} Rd8 {[%emt 0:00:00]} 35. h4 {[%emt 0:00:02]} Qc4 {[%emt 0:00:00]} 36. g5 {[%emt 0:00:01]} hxg5 {[%emt 0:00:00] Zeit (Lag: Av=0.85s, max=2.0s)} 0-1

[Event "181st Stay Safe Play From Home series"]
[Site "T#646401Emanuel Laske"]
[Date "2020.05.28"]
[Round "1"]
[White "VotaryRoma"]
[Black "Tackiness"]
[Result "1-0"]
[WhiteElo "1622"]
[BlackElo "1541"]
[Annotator "NA"]
[PlyCount "55"]
[EventDate "2020.05.28"]
[EventType "swiss (blitz)"]

1. Nf3 {[%emt 0:00:04]} c6 {[%emt 0:00:00]} 2. g3 {[%emt 0:00:01]} d5 {[%emt 0:00:00]} 3. Bg2 {[%emt 0:00:01]} h6 {[%emt 0:00:01]} 4. O-O {[%emt 0:00:00]} Bf5 {[%emt 0:00:01]} 5. d4 {[%emt 0:00:00]} e6 {[%emt 0:00:01]} 6. c4 {[%emt 0:00:00]} Nf6 {[%emt 0:00:01]} 7. cxd5 {[%emt 0:00:00]} exd5 {[%emt 0:00:01]} 8. Nc3 {[%emt 0:00:00]} Bd6 {[%emt 0:00:01]} 9. Qb3 {[%emt 0:00:00]} O-O {[%emt 0:00:01]} 10. Bf4 {[%emt 0:00:01]} Qb6 {[%emt 0:00:02]} 11. Bxd6 {[%emt 0:00:02]} Qxb3 {[%emt 0:00:01]} 12. axb3 {[%emt 0:00:01]} Rd8 {[%emt 0:00:01]} 13. Bc5 {[%emt 0:00:01]} Nbd7 {[%emt 0:00:00]} 14. Bxa7 {[%emt 0:00:03]} b6 {[%emt 0:00:00]} 15. b4 {[%emt 0:00:02]} Nb8 {[%emt 0:00:02]} 16. Bxb6 {[%emt 0:00:02]} Nbd7 {[%emt 0:00:01]} 17. Bxd8 {[%emt 0:00:02]} Rxa1 {[%emt 0:00:02]} 18. Rxa1 {[%emt 0:00:02]} Be4 {[%emt 0:00:00]} 19. b5 {[%emt 0:00:00]} Bxf3 {[%emt 0:00:03]} 20. Bxf3 {[%emt 0:00:04]} Ne4 {[%emt 0:00:00]} 21. Bxe4 {[%emt 0:00:02]} Nf6 {[%emt 0:00:00]} 22. Bf3 {[%emt 0:00:01]} cxb5 {[%emt 0:00:02]} 23. Nxb5 {[%emt 0:00:01]} Ne4 {[%emt 0:00:00]} 24. Nc3 {[%emt 0:00:00]} Nxc3 {[%emt 0:00:01]} 25. bxc3 {[%emt 0:00:00]} f6 {[%emt 0:00:01]} 26. Bxd5+ {[%emt 0:00:00]} Kh7 {[%emt 0:00:01]} 27. Be4+ {[%emt 0:00:00]} g6 {[%emt 0:00:15]} 28. Ra7+ {[%emt 0:00:00] Tackiness geeft op (Lag: Av=0.37s, max=0.6s)} 1-0

[Event "181st Stay Safe Play From Home series"]
[Site "T#646401Emanuel Laske"]
[Date "2020.05.28"]
[Round "1"]
[White "Trotsky"]
[Black "Weltszmerc"]
[Result "0-1"]
[WhiteElo "1568"]
[BlackElo "1996"]
[Annotator "NA"]
[PlyCount "40"]
[EventDate "2020.05.28"]
[EventType "swiss (blitz)"]

1. d4 {[%emt 0:00:01]} Nf6 {[%emt 0:00:01]} 2. e3 {[%emt 0:00:00]} b6 {[%emt 0:00:00]} 3. c4 {[%emt 0:00:01]} Bb7 {[%emt 0:00:01]} 4. Nc3 {[%emt 0:00:01]} e6 {[%emt 0:00:00]} 5. Qc2 {[%emt 0:00:01]} d5 {[%emt 0:00:01]} 6. f3 {[%emt 0:00:01]} Be7 {[%emt 0:00:01]} 7. Bd3 {[%emt 0:00:01]} dxc4 {[%emt 0:00:01]} 8. Bxc4 {[%emt 0:00:01]} a6 {[%emt 0:00:00]} 9. h4 {[%emt 0:00:01]} c5 {[%emt 0:00:01]} 10. Bd3 {[%emt 0:00:01]} cxd4 {[%emt 0:00:02]} 11. Ne4 {[%emt 0:00:01]} Nc6 {[%emt 0:00:04]} 12. a3 {[%emt 0:00:02]} Rc8 {[%emt 0:00:02]} 13. Bd2 {[%emt 0:00:02]} dxe3 {[%emt 0:00:01]} 14. Bxe3 {[%emt 0:00:02]} Nb4 {[%emt 0:00:02]} 15. Qa4+ {[%emt 0:00:02]} b5 {[%emt 0:00:01]} 16. Bxb5+ {[%emt 0:00:03]} axb5 {[%emt 0:00:00]} 17. Qxb5+ {[%emt 0:00:01]} Bc6 {[%emt 0:00:01]} 18. Qe2 {[%emt 0:00:05]} Nxe4 {[%emt 0:00:01]} 19. Rd1 {[%emt 0:00:01]} Qa5 {[%emt 0:00:03]} 20. Kf1 {[%emt 0:00:02]} Ng3+ {[%emt 0:00:02] Trotsky Ñäàåòñÿ (Lag: Av=0.53s, max=1.0s)} 0-1

[Event "181st Stay Safe Play From Home series"]
[Site "T#646401Emanuel Laske"]
[Date "2020.05.28"]
[Round "2"]
[White "Broken sword"]
[Black "Lazieri3"]
[Result "1-0"]
[WhiteElo "2483"]
[BlackElo "2065"]
[PlyCount "107"]
[EventDate "2020.05.28"]
[EventType "swiss (blitz)"]

1. d4 {[%emt 0:00:00]} c6 {[%emt 0:00:00]} 2. c3 {[%emt 0:00:00]} d5 {[%emt 0:00:00]} 3. Nf3 {[%emt 0:00:00]} Nf6 {[%emt 0:00:01]} 4. Qb3 {[%emt 0:00:00]} Qb6 {[%emt 0:00:02]} 5. Bf4 {[%emt 0:00:01]} Qxb3 {[%emt 0:00:01]} 6. axb3 {[%emt 0:00:00]} Bf5 {[%emt 0:00:01]} 7. Nbd2 {[%emt 0:00:00]} e6 {[%emt 0:00:01]} 8. b4 {[%emt 0:00:00]} Nbd7 {[%emt 0:00:01]} 9. Nb3 {[%emt 0:00:00]} Ne4 {[%emt 0:00:01]} 10. Na5 {[%emt 0:00:01]} e5 {[%emt 0:00:05]} 11. Nxe5 {[%emt 0:00:01]} Nxe5 {[%emt 0:00:01]} 12. Bxe5 {[%emt 0:00:00]} f6 {[%emt 0:00:02]} 13. Bf4 {[%emt 0:00:01]} Bc8 {[%emt 0:00:03]} 14. f3 {[%emt 0:00:01]} Nd6 {[%emt 0:00:02]} 15. e3 {[%emt 0:00:00]} Kd7 {[%emt 0:00:02]} 16. Bd3 {[%emt 0:00:01]} b6 {[%emt 0:00:01]} 17. Nb3 {[%emt 0:00:01]} Bb7 {[%emt 0:00:03]} 18. Nd2 {[%emt 0:00:01]} g6 {[%emt 0:00:01]} 19. Bg3 {[%emt 0:00:01]} a5 {[%emt 0:00:01]} 20. bxa5 {[%emt 0:00:02]} Rxa5 {[%emt 0:00:00]} 21. Rxa5 {[%emt 0:00:03]} bxa5 {[%emt 0:00:00]} 22. Kf2 {[%emt 0:00:00]} Nb5 {[%emt 0:00:02]} 23. Ra1 {[%emt 0:00:01]} Bd6 {[%emt 0:00:03]} 24. Rxa5 {[%emt 0:00:02]} Bxg3+ {[%emt 0:00:01]} 25. hxg3 {[%emt 0:00:00]} Kc7 {[%emt 0:00:01]} 26. Bxb5 {[%emt 0:00:01]} cxb5 {[%emt 0:00:01]} 27. Rxb5 {[%emt 0:00:01]} Bc6 {[%emt 0:00:00]} 28. Rc5 {[%emt 0:00:00]} Rb8 {[%emt 0:00:01]} 29. b4 {[%emt 0:00:01]} Kd6 {[%emt 0:00:01]} 30. Nb3 {[%emt 0:00:01]} f5 {[%emt 0:00:02]} 31. Na5 {[%emt 0:00:01]} Bd7 {[%emt 0:00:03]} 32. f4 {[%emt 0:00:01]} h5 {[%emt 0:00:02]} 33. Kf3 {[%emt 0:00:00]} Ra8 {[%emt 0:00:03]} 34. Ke2 {[%emt 0:00:01]} Rb8 {[%emt 0:00:01]} 35. Kd3 {[%emt 0:00:00]} Ra8 {[%emt 0:00:01]} 36. c4 {[%emt 0:00:02]} dxc4+ {[%emt 0:00:00]} 37. Kxc4 {[%emt 0:00:00]} Rxa5 {[%emt 0:00:01]} 38. Rxa5 {[%emt 0:00:01]} Be6+ {[%emt 0:00:00]} 39. Kc3 {[%emt 0:00:00]} h4 {[%emt 0:00:01]} 40. gxh4 {[%emt 0:00:01]} Ke7 {[%emt 0:00:01]} 41. Ra6 {[%emt 0:00:01]} Kf6 {[%emt 0:00:00]} 42. b5 {[%emt 0:00:00]} Ke7 {[%emt 0:00:01]} 43. Rxe6+ {[%emt 0:00:03]} Kxe6 {[%emt 0:00:01]} 44. Kc4 {[%emt 0:00:00]} Kd6 {[%emt 0:00:00]} 45. d5 {[%emt 0:00:00]} Kc7 {[%emt 0:00:01]} 46. Kc5 {[%emt 0:00:00]} Kd7 {[%emt 0:00:00]} 47. b6 {[%emt 0:00:01]} Kc8 {[%emt 0:00:01]} 48. Kc6 {[%emt 0:00:00]} Kb8 {[%emt 0:00:01]} 49. b7 {[%emt 0:00:00]} g5 {[%emt 0:00:00]} 50. hxg5 {[%emt 0:00:01]} Ka7 {[%emt 0:00:01]} 51. Kc7 {[%emt 0:00:00]} Ka6 {[%emt 0:00:00]} 52. b8=Q {[%emt 0:00:00]} Ka5 {[%emt 0:00:01]} 53. Qb3 {[%emt 0:00:01]} Ka6 {[%emt 0:00:01]} 54. Qb6# {[%emt 0:00:00] (Lag: Av=0.42s, max=0.9s)} 1-0